000 00848cam a22002537a 4500
001 002029
003 armpunfd
005 20140612090656.0
008 061004e0####xx#a##########000#0#und#d
040 _aarmpunfd
_carmpunfd
080 _a340.12 G 345
100 1 0 _a Ghirardi, Olsen A. ( Director)
245 1 0 _aFormas y evolucion del razonar judicial
260 _a Ordoba : Academia Nacional De Derecho Y Ciencias Sociales De Cordoba
_b2005. Isbn : 987-1123-29-9. 189 P.
650 7 _a Cambio Social
_2LEMB
650 7 _a Filosofia Del Derecho
_2LEMB
650 7 _a Interpretacion De La Ley
_2LEMB
650 7 _a Interpretacion Legal
_2LEMB
650 7 _a Logica Juridica
_2LEMB
650 7 _a Razonamiento Forense
_2LEMB
650 7 _a Razonamiento Judicial
_2LEMB
942 _cLB
_2cdu
945 _aCatalis
_d2010-08-19
999 _c2020
_d232524